• 首页
  • 本馆介绍
  • 公告通知
  • 最新文献
  • 馆藏检索
  • 电子资源
  • 读者导购
  • 参考咨询
  • 我的图书馆
  • 登录
  • 详细信息显示
  • 放入我的书架
  • 预约/预借图书
  • 作者相关作品
  • 分类相关作品
  • 丛书相关作品
  • 出版社相关作品

书目信息

  • 表格格式
  • 工作单格式
  • 卡片格式
题名:
Turbo Pascal程序设计教程
    
 
作者: 潘金贵 编著
分册:  
出版信息: 南京   南京出版社  1991.9
页数: 483页
开本: 26cm
丛书名:
单 册:
中图分类: TP312PA
科图分类: 73.87221
主题词: PASCAL语言-程序设计--教材 , 程序设计-PASCAL语言--教材
电子资源:
ISBN: 7-305-01343-9
000 00952nam0 2200265 45
001 0193030534
005 20070612110010.62
010    @a7-305-01343-9@dCNY19.50
100    @a19930716d1991 em y0chiy0121 ea
101 0  @achi
102    @aCN@b320000
105    @ay z 000yy
200 10 @aTurbo Pascal程序设计教程@ATurbo Pascal CHENG XU SHE JI JIAO CHENG@f潘金贵等编著@FPAN JIN GUI DENG BIAN ZHU
210    @a南京@c南京出版社@d1991.9@h1994
215    @a483页@d26cm
314    @a潘金贵,南京大学计算机系副教授,南京大学计算机应用研究所副所长
330    @a本书主要内容有:Turbo pascal语言的环境、各种数据类型、各种语句、Turbo pascal程序结构及基本的和高级的编程技术等。
540 1  @a程序 设计@ACHENG XU SHE JI
606    @aPASCAL语言-程序设计@x教材
606    @a程序设计-PASCAL语言@x教材
690    @aTP312PA@v三版
692    @a73.87221
701  0 @a潘金贵@APAN JIN GUI@4编著
801  0 @aCN@bTSSF@c20070612
905    @a10447@dTP312PA@e611
    
    Turbo Pascal程序设计教程/潘金贵等编著.-南京:南京出版社,1991.9(1994)
    483页;26cm
    
    
    ISBN 7-305-01343-9:CNY19.50
    本书主要内容有:Turbo pascal语言的环境、各种数据类型、各种语句、Turbo pascal程序结构及基本的和高级的编程技术等。
●
相关链接 在E读中查询图书 在五车中查询图书 在当当中查询图书 在豆瓣中查询图书


正题名:Turbo Pascal程序设计教程     索取号:TP312PA/611         预约/预借

序号 登录号 条形码 馆藏地/架位号 状态 备注
1 0517486   205174862   第二样本阅览室/ [索取号:TP312PA/611] 在馆    
2 0635620   206356209   密集书库/ [索取号:TP312PA/611] 在馆    
唐山师范学院图书馆 欢迎您!
大连网信软件有限公司© 版权所有